Qui a remporté ces Molière de la comédienne ? - Théâtre public - Statistiques

Statistiques générales
  • Ce quiz a été pris 9 fois
  • Le résultat moyen est 3 sur 9
Statistiques - réponses
Hint Extra Hint Réponse % Correct
Les liaisons dangereuses 2016 Dominique Blanc
75%
Stallone 2022 Clotilde Hesme
50%
Les Idoles 2019 Marina Foïs
38%
Les Damnés 2017 Elsa Lepoivre
25%
Le syndrome de l'oiseau 2023 Sara Giraudeau
25%
Les Revenants 2014 Valérie Dréville
25%
La Mouche 2020 Christine Murillo
13%
Platonov 2015 Emmanuelle Devos
0%
Actrice 2018 Marina Hands
0%
Aucun quiz correspondant
Distribution des résultats
% des personnes avec chaque résultat
Percentile par nombre de réponses
Votre historique - résultats
Vous n’avez pas pris ce quiz